00524nam a2200157 a 450000100100000000500170001000800410002704000250006824500260009326000690011930000200018850400270020804900090023595201050024499900170034900002989520200930055905.0110426s19uu dr 000 0 spa d aDO-SdBNPbspacBNPHU03aLa Codorniz Japonica. aSanto Domingo :bSecretaría de Estado de Agricultura,c[199?]. a19 p. ;c21 cm. aBibliografía : p. 19 aBNPD 0010718PDaPDbPDcCTd2011-04-26iLF1l0o p29895-10r2020-06-25w2020-06-25yLFPDZNo se presta c29387d29387